World Capitals with the Highest Scrabble Score - Statistics

General Stats
  • This quiz has been taken 2,141 times
    363 since last reset
  • The average score is 9 of 15
Answer Stats
Points Continent Capital % Correct
22 North America Washington D.C.
78%
26 North America Mexico City
77%
43 Asia Sri Jayawardenepura Kotte
74%
22 Europe Luxembourg
72%
21 North America Guatemala City
71%
29 Europe Reykjavik
71%
34 Africa Brazzaville
69%
26 Asia Bandar Seri Begawan
63%
21 Europe Vatican City
55%
25 Europe Ljubljana
50%
21 Asia Naypyidaw
50%
21 Africa Yamoussoukro
48%
22 Asia Kuwait City
44%
21 Asia Phnom Penh
41%
29 Africa Ciudad de la Paz
20%
No matching quizzes found
Score Distribution
Percent of People with Each Score
Percentile by Number Answered
Your Score History
You have not taken this quiz since the last reset